Sbornik zadači po matematičeski metodi v ikonomikata matematičesko programirane
Gespeichert in:
| Format: | Buch |
|---|---|
| Sprache: | Bulgarisch |
| Veröffentlicht: |
Varna
Visš institut za narodno stopanstvo "Dimitar Blagoev"
1985
|
| Tags: |
Keine Tags, Fügen Sie das erste Tag hinzu!
|
MARC
| LEADER | 00000nam a2200000 4500 | ||
|---|---|---|---|
| 001 | c110883 | ||
| 005 | 20250728105453.9 | ||
| 041 | 0 | |a bul | |
| 044 | |a BG | ||
| 245 | 1 | 0 | |a Sbornik zadači po matematičeski metodi v ikonomikata |b matematičesko programirane |
| 264 | 1 | |a Varna |b Visš institut za narodno stopanstvo "Dimitar Blagoev" |c 1985 | |
| 300 | |a 160 s. | ||